MARC details
| 000 -LEADER |
| fixed length control field |
02402nam a2200301 4500 |
| 008 - FIXED-LENGTH DATA ELEMENTS--GENERAL INFORMATION |
| fixed length control field |
s2003 fr fre u |
| 020 ## - INTERNATIONAL STANDARD BOOK NUMBER |
| International Standard Book Number |
2710113902 |
| 020 ## - INTERNATIONAL STANDARD BOOK NUMBER |
| International Standard Book Number |
9782710113904 |
| 022 ## - INTERNATIONAL STANDARD SERIAL NUMBER |
| International Standard Serial Number |
1158-4580 |
| 040 ## - CATALOGING SOURCE |
| Original cataloging agency |
LB-BrCRDP |
| 082 1# - DEWEY DECIMAL CLASSIFICATION NUMBER |
| Classification number |
371.3 |
| Item number |
MEI |
| 100 1# - MAIN ENTRY--PERSONAL NAME |
| Personal name |
Meirieu, Philippe |
| 245 13 - TITLE STATEMENT |
| Title |
Le choix d'éduquer |
| Statement of responsibility, etc. |
Philipe Meirieu |
| 250 ## - EDITION STATEMENT |
| Edition statement |
8e éd. |
| 260 ## - PUBLICATION, DISTRIBUTION, ETC. |
| Place of publication, distribution, etc. |
Paris |
| Name of publisher, distributor, etc. |
ESF |
| Date of publication, distribution, etc. |
2003 |
| 300 ## - PHYSICAL DESCRIPTION |
| Extent |
198 p. |
| Dimensions |
24 cm |
| 490 1# - SERIES STATEMENT |
| Series statement |
Pédagogies |
| 500 ## - GENERAL NOTE |
| General note |
Table des matières, bibliographie, index des notes critiques et commentaires. |
| 520 ## - SUMMARY, ETC. |
| Summary, etc. |
Chacun sait bien que la réussite de l'acte pédagogique ne tient pas seulement aux qualités strictement scientifiques et didactiques de l'enseignant.Il n'est qu'à écouter les élèves eux-mêmes ou leurs parents, il n'est simplement qu'à nous interroger sur notre propre parcours scolaire pour nous en convaincre. Ce livre montre l'importance décisive des choix éthiques de l'éducateur, quand il se donne pour fin l'émergence de sujets libres, quand il œuvre simultanément pour leur instruction et leur émancipation, quand il parvient à articuler le principe d'éducabilité et celui de liberté...Tout faire pour que l'autre apprenne et lui communiquer la conviction du possible, sans attendre pour autant la soumission et encore moins la réciprocité marchande. L'éducation est ainsi une aventure imprévisible, une histoire toujours différente à écrire, et dans laquelle l'éthique n'est pas une " nouvelle matière scolaire " ni même un " supplément d'âme ", mais bien ce qui œuvre, à travers l'ensemble des activités que l'éducateur organise. A partir de cette approche, l'auteur rencontre un certain nombre de thèmes majeurs de la réflexion éducative : l'universalité de la culture, la formation à la citoyenneté, la discipline et les sanctions, la place de la didactique et des apprentissages méthodologiques, la formation des maîtres, le travail en équipe, etc.Mais il les traite de manière originale, en une trentaine de brefs chapitres où il s'efforce de faire apparaître les enjeux essentiels. |
| 650 4# - SUBJECT ADDED ENTRY--TOPICAL TERM |
| Topical term or geographic name entry element |
Culture scolaire |
| 650 4# - SUBJECT ADDED ENTRY--TOPICAL TERM |
| Topical term or geographic name entry element |
Choix éthique |
| 650 4# - SUBJECT ADDED ENTRY--TOPICAL TERM |
| Topical term or geographic name entry element |
Didactique et pédagogie |
| 650 4# - SUBJECT ADDED ENTRY--TOPICAL TERM |
| Topical term or geographic name entry element |
Education à la citoyenneté |
| 650 4# - SUBJECT ADDED ENTRY--TOPICAL TERM |
| Topical term or geographic name entry element |
Apprentissage scolaire |
| 830 #0 - SERIES ADDED ENTRY--UNIFORM TITLE |
| Uniform title |
Pédagogies |
| Name of part/section of a work |
Recherche |
| 942 ## - ADDED ENTRY ELEMENTS (KOHA) |
| Koha item type |
Books |